LEADER 01121nam 2200349 450 001 9910714101203321 005 20201030115834.0 035 $a(CKB)5470000002506656 035 $a(OCoLC)1202411918 035 $a(EXLCZ)995470000002506656 100 $a20201030d1984 ua 0 101 0 $aeng 135 $aur||||||||||| 181 $ctxt$2rdacontent 182 $cc$2rdamedia 183 $acr$2rdacarrier 200 00$aGraphitic corrosion of cast iron in salt water 210 1$aWashington, DC :$cUnited States Nuclear Regulatory Commission, Office of Inspection and Enforcement,$d1984. 215 $a1 online resource 225 1 $aInformation notice ;$v84-71 300 $a"September 06, 1984." 606 $aCast-iron pipe$xCorrosion 606 $aGraphitization 615 0$aCast-iron pipe$xCorrosion. 615 0$aGraphitization. 712 02$aU.S. Nuclear Regulatory Commission.$bOffice of Inspection and Enforcement, 801 0$bGPO 801 1$bGPO 906 $aBOOK 912 $a9910714101203321 996 $aGraphitic corrosion of cast iron in salt water$93325992 997 $aUNINA